Catálogo
 En Linea

El Paraíso perdido / (Registro nro. 4143)

Detalles MARC
000 -CABECERA
campo de control de longitud fija 01007cam a2200313 i 4500
001 - NÚMERO DE CONTROL
campo de control 000004334
003 - IDENTIFICADOR DEL NÚMERO DE CONTROL
campo de control DO-SdBNP
005 - FECHA Y HORA DE LA ÚLTIMA TRANSACCIÓN
campo de control 20230529104633.0
007 - CAMPO FIJO DE DESCRIPCIÓN FÍSICA--INFORMACIÓN GENERAL
campo de control de longitud fija ta
008 - DATOS DE LONGITUD FIJA--INFORMACIÓN GENERAL
campo de control de longitud fija 840302s1974 sp 001 0 spa
020 ## - NÚMERO INTERNACIONAL ESTÁNDAR DEL LIBRO
Número Internacional Estándar del Libro 8471560240
040 ## - FUENTE DE LA CATALOGACIÓN
Centro catalogador/agencia de origen DO-SdBNP
Centro/agencia transcriptor BNPHU
Lengua de catalogación spa
Normas de descripción rda
082 #4 - NÚMERO DE LA CLASIFICACIÓN DECIMAL DEWEY
Número de documento/Ítem M662p
Número de edición 22
100 1# - ENTRADA PRINCIPAL--NOMBRE DE PERSONA
Nombre de persona Milton, John,
Fechas asociadas al nombre 1608-1674.
9 (RLIN) 12782
245 13 - MENCIÓN DE TÍTULO
Título El Paraíso perdido /
Mención de responsabilidad, etc. John Milton ; traducción y prólogo, A. Espina.
250 ## - MENCIÓN DE EDICIÓN
Mención de edición 3a ed.
264 ## - PRODUCCIÓN, PUBLICACIÓN, DISTRIBUCIÓN, FABRICACIÓN Y COPYRIGHT
Producción, publicación, distribución, fabricación y copyright Madrid :
Nombre del de productor, editor, distribuidor, fabricante Mediterraneo,
Fecha de producción, publicación, distribución, fabricación o copyright 1974.
300 ## - DESCRIPCIÓN FÍSICA
Extensión 148 páginas ;
Dimensiones 19 cm.
336 ## - TIPO DE CONTENIDO
Fuente rdacontent
Término de tipo de contenido texto
Código de tipo de contenido txt
337 ## - TIPO DE MEDIO
Fuente rdamedia
Nombre/término del tipo de medio sin mediación
Código del tipo de medio n
338 ## - TIPO DE SOPORTE
Fuente rdacarrier
Nombre/término del tipo de soporte volumen
Código del tipo de soporte nc
490 ## - MENCIÓN DE SERIE
Mención de serie Edime
Designación de volumen o secuencia 20
500 ## - NOTA GENERAL
Nota general Incluye referencias bibliográficas, notas al pie de páginas e índice.
534 ## - NOTA SOBRE LA VERSIÓN ORIGINAL
Encabezamiento principal del original Título original : Paradise lost
600 00 - PUNTO DE ACCESO ADICIONAL DE MATERIA--NOMBRE DE PERSONA
Nombre de persona Adam
Títulos y otros términos asociados al nombre (Biblical figure)
Subdivisión de forma Poetry.
9 (RLIN) 12785
600 00 - PUNTO DE ACCESO ADICIONAL DE MATERIA--NOMBRE DE PERSONA
Nombre de persona Eve
Títulos y otros términos asociados al nombre (Biblical figure)
Subdivisión de forma Poetry.
9 (RLIN) 12786
700 1# - PUNTO DE ACCESO ADICIONAL--NOMBRE DE PERSONA
Nombre de persona Espina, A.,
Término indicativo de función/relación traductor,
9 (RLIN) 12788
942 ## - ELEMENTOS DE PUNTO DE ACCESO ADICIONAL (KOHA)
Fuente del sistema de clasificación o colocación Dewey Decimal Classification
Tipo de ítem Koha Libro
Existencias
Estado de retiro Estado de pérdida Fuente del sistema de clasificación o colocación Restricciones de uso No para préstamo Código de colección Localización permanente Ubicación/localización actual Ubicación en estantería Fecha de adquisición Signatura topográfica completa Código de barras Fecha visto por última vez Precio válido a partir de Tipo de ítem Koha
    Dewey Decimal Classification Excluido de préstamo   General Biblioteca Nacional Pedro Henríquez Ureña Biblioteca Nacional Pedro Henríquez Ureña En catalogación 21.07.2009 BNPHU GR M662p 4334-10 25.06.2020 25.06.2020 Libro

Con tecnología Koha